000 00469nam a2200193Ia 4500
005 20240823023201.0
008 240823s9999||||xx |||||||||||||| ||und||
020 _a81-203-2137-5
041 _aENGLISH
082 _A624.151 P8
100 _a"Coduto,Donald P"
245 0 _aGeotechnical Engineering : Principles and Practice
250 _a1st
260 _c2008
_b"PHI,New "
500 _aYES
650 _aGeotechnical
_bCivil
942 _cBK
999 _c180939
_d180939